书目信息 |
| 题名: |
考工记图说
|
|
| 作者: | 戴吾三 编著 | |
| 分册: | ||
| 出版信息: | 济南 山东画报出版社 2003 |
|
| 页数: | 156页 | |
| 开本: | 25cm | |
| 丛书名: | 中国古代物质文化经典图说丛书 | |
| 单 册: | ||
| 中图分类: | N092 | |
| 科图分类: | ||
| 主题词: | 自然科学史--中国--古代 | |
| 电子资源: | ||
| ISBN: | 7-80603-695-4 | |
| 000 | 00890oam2 2200253 45 | |
| 001 | 002240805 | |
| 005 | 20050323143820.0 | |
| 010 | @a7-80603-695-4@dCNY18.00 | |
| 100 | @a20030128d2003 em y0chiy0110 ea | |
| 101 | 0 | @achi |
| 102 | @aCN@b370000 | |
| 105 | @aa z 000yy | |
| 200 | 1 | @a考工记图说@Akao gong ji tu shuo@f戴吾三编著@FDai Wu San Bian Zhu |
| 210 | @a济南@c山东画报出版社@d2003 | |
| 215 | @a156页@c图@d25cm | |
| 225 | 2 | @a中国古代物质文化经典图说丛书 |
| 300 | @a国家社科基金单立学科——全国艺术科学“十五”计划资助项目 “中国艺术设计的历史和理论研究”项目 | |
| 330 | @a本书是中国目前所见年代最早的手工业技术文献,书中保留有先秦大量的手工业生产技术、工艺美术资料等。 | |
| 410 | @12001 @a中国古代物质文化经典图说丛书 | |
| 606 | 0 | @a自然科学史@y中国@z古代 |
| 690 | @aN092@v4 | |
| 701 | 0 | @a戴吾三@4编著 |
| 801 | 0 | @aCN@bNLC@c20030620 |
| 905 | @f5@b345869-873@dN092@e117 | |
| 考工记图说/戴吾三编著.-济南:山东画报出版社,2003 |
| 156页:图;25cm.-(中国古代物质文化经典图说丛书) |
| 国家社科基金单立学科——全国艺术科学“十五”计划资助项目 “中国艺术设计的历史和理论研究”项目 |
| ISBN 7-80603-695-4:CNY18.00 |
| 本书是中国目前所见年代最早的手工业技术文献,书中保留有先秦大量的手工业生产技术、工艺美术资料等。 |
| ● |
| 相关链接 |
|
|
|
|
正题名:考工记图说
索取号:N092/117
 
预约/预借
| 序号 | 登录号 | 条形码 | 馆藏地/架位号 | 状态 | 备注 |
| 1 | 0345869 | 203458695 | 第二样本阅览室/ [索取号:N092/117] | 在馆 | |
| 2 | 0345870 | 203458702 | 第三借阅区/ [索取号:N092/117] | 在馆 | |
| 3 | 0345871 | 203458711 | 第三借阅区/ [索取号:N092/117] | 在馆 | |
| 4 | 0345872 | 203458720 | 第三借阅区/ [索取号:N092/117] | 在馆 | |
| 5 | 0345873 | 203458739 | 第三借阅区/ [索取号:N092/117] | 在馆 |